El origen de la desigualdad entre los hombres /

Guardado en:
Autor Principal: Rousseau, Jean-Jacques
Formato: Libro
Idioma:Spanish
Publicado: Buenos Aires : Libertador, 2006.
Materias:
Etiquetas: Agregar Etiqueta
Sin Etiquetas, Sea el primero en etiquetar este registro!
LEADER 00456nam a22001455a 4500
001 DER.der012992
008 180615s2006####ag#||||||||||||||#||spa||
005 20241108105238.0
245 1 0 |a El origen de la desigualdad entre los hombres /  |c Jean-Jacques Rousseau 
260 |a Buenos Aires :  |b Libertador,  |c 2006. 
300 |a 142 p. 
020 |a 9789871269136 
100 1 |a Rousseau, Jean-Jacques 
650 7 |a CIENCIA POLITICA 
859 |a DERECHO  |b BIB. DERECHO  |h 342.07  |i ROU  |p 007848